00696 2200193 4500001002100000005001700021008004100038035002400079082001100103090002000114100001500134245018600149260003900335300004200374500002500416504002700441650001600468990001800484YOGYA-0113000000002420130102100835.0 ind  0010-011300000000024 a618.97 aSk 618.97 Sai P aSAIDANSYAH aPeranan keluarga dalam membina lanjut usia produktif (suatu penelitian di Kelurahan Demangan kecamatan Gondokusuman Kota Yogyakarta Propinsi Daerah Istimewa Yogyakarta)/cSaidansyah aYogyakarta :bSTPMD "APMD",c2002. ax,82(20) lbr. :bilus.,lamp. ;c30 cm aSkripsi STPMD "APMD" aBibliografi : (lbr.83) aUsia Lanjut a42295-PD/A.12